000 00710nam a2200205 i 4500
001 127030
003 ES-MaACL
005 20230906192929.0
007 t|
008 070214s1969 sp |||| | spa d
080 _a821.134.2-1.09"19"
080 _a821.134.2-2.09"19"
100 1 _aRey Urbez, Guillermo.
_996545
245 1 0 _aEspaña
_b: poesía y teatro contemporáneos.
_nI parte,
_p1936-1960 /
_cGuillermo Rey Urbez.
260 _aZaragoza :
_b[s.n.],
_c1969 (
_fTall. La Editorial)
300 _a106 p. ;
_c25 cm.
650 0 4 _aPoesía española-
_yS.XX-
_xHistoria y crítica.
_916167
650 4 _aTeatro español-
_yS.XX-
_xHistoria y crítica.
_917361
852 _aES-MaACL
_j2272-F-12
_xOlim P-1645
999 _c127030
_d127030